000 00743cam a2200241 a 4500
001 000011680
005 20200929162527.0
008 971229s1998 mx a 000 f spa d
020 _a9681904370
040 _aDO-SdBNP
_bspa
_cLC
_dBNPHU
082 _a863.64
_bP438L
100 1 _aPérez-Reverte, Arturo,
_d1951-
_912816
245 1 0 _aLimpieza de sangre /
_cArturo Pérez-Reverte.
260 _aMéxico :
_bAlfaguara,
_c1998.
300 _a251 p. :
_bil. ;
_c24 cm.
490 1 _aLas aventuras del capitán alatriste
_v2
650 4 _aNovela española
_91123
650 4 _aLiteratura española
_9632
830 0 _aLas aventuras del capitán alatriste,
_v2
_927685
910 _aCatalogación por copia / LC
910 _aWM
049 _aBNGR
999 _c11366
_d11366